Riconosci il Pokémon - Quiz n°780 - Statistics

Statistiche generali
  • Questo quiz è stato fatto 1 volte
  • Il punteggio medio è 10 su 10
Statistiche sulle risposte
Indizio Riposta % Corretto
Altezza 1,60 m
100%
Peso 30,6 kg
100%
Sesso 50% ♂, 50% ♀
100%
Tasso di cattura 90 (20.1%)
100%
Pokémon Dusclops
100%
Abilità Pressione; Indagine
100%
Stadio evoluzione Prima evoluzione
100%
Tipo Spettro
100%
Generazione Terza
100%
Tasso di allevamento Veloce
100%
Nessun quiz corrispondente trovato
Distribuzione punteggi
Percentuale di utenti per punteggio
Percentile per numero di risposta
I tuoi punteggi nel tempo
Non hai fatto questo quiz